V ČR nastupujú opäť kampeličky
Sporiteľné úverové družstvá sústreďujú financie svojich členov a poskytujú im úvery. Majú výhodnejšie úroky a nižšie poplatky ako banky. História úverových družstiev na Slovensku. Úverové družstvá v USA. V Česku začínajú opäť vznikať úverové družstvá.
Uložené v:
| Hlavný autor: | |
|---|---|
| Médium: | Kapitola |
| Jazyk: | Slovak |
| Predmet: | |
| Tagy: |
Žiadne tagy, Buďte prvý, kto otaguje tento záznam!
|
MARC
| LEADER | 00000naa a2200000 4500 | ||
|---|---|---|---|
| 001 | r019490 | ||
| 005 | 20230921074414.9 | ||
| 041 | 0 | |a slo | |
| 044 | |a SK | ||
| 245 | 1 | 0 | |a V ČR nastupujú opäť kampeličky |c Juraj Vechter |
| 520 | |a Sporiteľné úverové družstvá sústreďujú financie svojich členov a poskytujú im úvery. Majú výhodnejšie úroky a nižšie poplatky ako banky. História úverových družstiev na Slovensku. Úverové družstvá v USA. V Česku začínajú opäť vznikať úverové družstvá. | ||
| 610 | 2 | 0 | |a družstvá úverové |
| 610 | 2 | 0 | |a Česko |
| 610 | 2 | 0 | |a Slovensko |
| 610 | 2 | 0 | |a USA |
| 610 | 2 | 0 | |a 1996 |
| 610 | 2 | 0 | |a úver |
| 100 | 1 | |a Vechter, Juraj | |